| 000 | 04065nam0a22003851 4500 | ||
|---|---|---|---|
| 001 | RU\NLR\BIBL_A\022774341 | ||
| 005 | 20260409004039.0 | ||
| 010 |
_a978-5-209-12704-8 _9500 |
||
| 035 | _a(NLR Aleph) 022774341 | ||
| 090 |
_a13651953 _c13651953 |
||
| 100 | _a20260402d2025 u y0rusy50 ca | ||
| 101 | 0 | _achi | |
| 102 | _aRU | ||
| 105 | _ay z 000yy | ||
| 181 | 0 |
_ai4 _baxxe |
|
| 182 | 0 | _an | |
| 200 | 1 |
_a海南领土争议的国际法调整 _dМеждународно-правовые аспекты урегулирования территориальных претензий в Южно-Китайском море _f罗兰 _zrus |
|
| 203 |
_aТекст _bвизуальный _cнепосредственный |
||
| 210 |
_aМосква _cРоссийский университет дружбы народов _d2025 |
||
| 215 |
_a197 с. _d21 |
||
| 330 | _aВ настоящей монографии осуществлен комплексный анализ международно-правовых принципов, норм, способов и методов, которые могут быть применимы для урегулирования территориальных претензий в Южно-Китайском море. Повышенное внимание уделено проблематике, непосредственно связанной с определением генезиса правового статуса Южно-Китайского моря, изучением в сравнительном плане национальных политик Китая и Вьетнама относительно притязаний на Южно-Китайское море, установлением роли АСЕАН в качестве одного из возможных механизмов по урегулированию территориальных споров в названном море, а также детерминацией ключевого инструмента по урегулированию территориальных претензий государств - реализации проектов по совместной разработке ресурсов Южно-Китайского моря. Издание адресовано преподавателям и учащимся гуманитарных вузов и факультетов, представителям научного и экспертного сообщества, а также всем, кто интересуется актуальными проблемами современного международного права. | ||
| 607 |
_aЮжно-Китайское море _xМеждународно-правовой режим _92093016 _3RU\NLR\AUTH\661266662 |
||
| 610 | 0 | _aГосударство и право. Юридические науки -- Международное публичное право -- Вопросы территории в международном праве -- Водная территория -- Международное морское право | |
| 610 | 0 | _aИстория. Исторические науки -- История зарубежных стран -- Центральная Азия. Дальний Восток в целом -- Международные проблемы - Южно-Китайское море | |
| 610 | 0 | _aТерриториальные споры в международном праве | |
| 610 | 0 | _aОстрова -- Правовое положение -- Южно-Китайское море | |
| 610 | 0 | _aЮжно-Китайское море -- Международно-правовой режим | |
| 610 | 0 | _aМеждународные отношения -- Юго-Восточная Азия | |
| 700 | 0 |
_a罗兰 _4070 |
|
| 790 | 0 |
_aЛо Лань _4070 |
|
| 852 |
_aNLR _bОЛСАА-кит. _j2-14010 |
||
| 942 | _cBOOK | ||
| 980 | 1 | _aCHIN | |
| 980 | _aNB | ||